Indian and American labour legislation and practives: a comparative study (Record no. 356981)

000 -LEADER
fixed length control field 00484cam a22001457a 4500
008 - FIXED-LENGTH DATA ELEMENTS--GENERAL INFORMATION
fixed length control field 180718b1966 xxu||||| |||| 00| 0 eng d
082 ## - DEWEY DECIMAL CLASSIFICATION NUMBER
Classification number R803x54 Ag38
100 ## - MAIN ENTRY--PERSONAL NAME
Personal name Agarwal, Arjun P.
245 ## - TITLE STATEMENT
Title Indian and American labour legislation and practives: a comparative study
Statement of responsibility, etc. by Arjun P. Agarwal and Brijen K. Gupta
260 ## - PUBLICATION, DISTRIBUTION, ETC.
Place of publication, distribution, etc. Bombay
Name of publisher, distributor, etc. Asia
Date of publication, distribution, etc. 1966
300 ## - PHYSICAL DESCRIPTION
Extent 329p.
650 ## - SUBJECT ADDED ENTRY--TOPICAL TERM
Topical term or geographic name entry element Labour - U.S.A. - Legislation
650 ## - SUBJECT ADDED ENTRY--TOPICAL TERM
Topical term or geographic name entry element Labour - India - Legislation
700 ## - ADDED ENTRY--PERSONAL NAME
Personal name Gupta, Brijen K.
Holdings
Withdrawn status Lost status Damaged status Not for loan Permanent Location Current Location Date acquired Full call number Barcode Date last seen Price effective from Koha item type
        Indian Institute of Public Administration Indian Institute of Public Administration 1994-01-11 R803x54 Ag38 39862 2018-07-21 2018-07-21 Book

Powered by Koha